|
|
|
|
| LEADER |
00000nas a2200000 a 4500 |
| 001 |
ssj0000463005 |
| 003 |
WaSeSS |
| 005 |
20200512172242.0 |
| 006 |
m d |
| 007 |
cr n |
| 008 |
091124c20109999nyuqr p s 0 a0eng |
| 010 |
|
|
|a 2009208051
|
| 022 |
|
|
|a 2152-0801
|l 2152-0801
|y 2152-0798
|
| 035 |
|
|
|a (WaSeSS)ssj0000463005
|
| 040 |
|
|
|a DLC
|b eng
|e pn
|c DLC
|d DLC
|d CN3GA
|d DLC
|d OCLCQ
|d WAU
|d BUF
|d OCLCF
|d OCLCQ
|d OCLCO
|d CLU
|d CUI
|d OCLCO
|d OCLCQ
|d OCLCO
|d OCLCQ
|d OCLCA
|d CUS
|d U3W
|d OCLCO
|d OCLCA
|d NTG
|d OCLCO
|d AU@
|d OCLCO
|d WYU
|d OCLCO
|d CUS
|d UMC
|d OCLCO
|d VT2
|d OCLCA
|d WaSeSS
|
| 042 |
|
|
|a pcc
|a nsdp
|
| 050 |
1 |
4 |
|a S401
|
| 082 |
1 |
0 |
|a 630
|2 14
|
| 210 |
0 |
|
|a J. agric. food syst. community dev.
|b (Online)
|
| 222 |
|
0 |
|a Journal of agriculture, food systems, and community development
|b (Online)
|
| 245 |
0 |
0 |
|a Journal of agriculture, food systems, and community development
|h [electronic resource].
|
| 246 |
1 |
|
|a JAFSCD
|
| 260 |
|
|
|a Ithaca, NY :
|b New Leaf Associates, Inc.,
|c 2010-
|
| 260 |
3 |
|
|3 <Sept. 26, 2019-> :
|a Ithaca, NY :
|b Lyson Center for Civic Agriculture and Food Systems
|
| 310 |
|
|
|a Quarterly
|
| 362 |
1 |
|
|a Began with vol. 1, issue 1 (August 2010).
|
| 506 |
|
|
|a License restrictions may limit access.
|
| 515 |
|
|
|a Issue for Aug. 2010 also called: Inaugural issue.
|
| 588 |
|
|
|a Description based on: Vol. 1, issue 1 (August 2010); title from PDF cover (publisher's Web site, viewed Mar. 19, 2015).
|
| 588 |
|
|
|a Latest issue consulted: Volume 9, issue 1 (summer 2019) (publisher's website, viewed Sept. 26, 2019).
|
| 650 |
|
0 |
|a Agriculture
|v Periodicals.
|
| 650 |
|
0 |
|a Food supply
|v Periodicals.
|
| 650 |
|
0 |
|a Community development
|v Periodicals.
|
| 650 |
|
2 |
|a Agriculture.
|
| 650 |
|
2 |
|a Food Supply.
|
| 650 |
|
2 |
|a Social Change.
|
| 650 |
|
7 |
|a Agriculture.
|2 fast
|0 (OCoLC)fst00801355
|
| 650 |
|
7 |
|a Community development.
|2 fast
|0 (OCoLC)fst00870818
|
| 650 |
|
7 |
|a Food supply.
|2 fast
|0 (OCoLC)fst00931196
|
| 655 |
|
0 |
|a Electronic journals.
|
| 776 |
0 |
8 |
|i Continues the print:
|t Journal of agriculture, food systems, and community development
|x 2152-0798
|w (DLC) 2009208052
|w (OCoLC)469142328
|
| 856 |
4 |
0 |
|z Full text available from Research Library: 08/01/2010 to 07/31/2013
|u https://search.proquest.com/publication/756410
|